"Hallo" in verschiedenen Sprachen - Statistiken

Allgemein
  • Dieses Quiz wurde 648 mal gespielt
    187 seit der letzten Aktualisierung
  • Das Durchschnittsergebnis liegt bei 10 aus 15
Antwortstatistiken
Hallo Sprache % Korrekt
Bonjour französisch
100%
Hello englisch
99%
Hallo deutsch
98%
Ciao italienisch
96%
Hola spanisch
87%
Nǐ hǎo chinesisch
77%
Merhaba türkisch
67%
Hej dänisch
63%
Aloha hawaiianisch
60%
Olá portugiesisch
55%
Zdravo kroatisch
52%
Cześć polnisch
49%
Hallå schwedisch
43%
Hoi niederländisch
26%
Ahoj tschechisch
26%
Keine übereinstimmenden Quizze gefunden
Verteilung der Resultate
Anzahl Personen mit jedem Resultat
Perzentil nach korrekt beantworteten Fragen
Ihre Resultats-Entwicklung
Sie haben dieses Quiz seit der letzten Aktualisierung nicht gespielt